Mechanism and management of headache / (Record no. 5041)

MARC details
000 -LEADER
fixed length control field 01074pam a2200313 a 4500
001 - CONTROL NUMBER
control field 3087437
003 - CONTROL NUMBER IDENTIFIER
control field OSt
005 - DATE AND TIME OF LATEST TRANSACTION
control field 20160818153040.0
008 - FIXED-LENGTH DATA ELEMENTS--GENERAL INFORMATION
fixed length control field 980306s1998 maua b 001 0 eng c
010 ## - LIBRARY OF CONGRESS CONTROL NUMBER
LC control number 98015127
020 ## - INTERNATIONAL STANDARD BOOK NUMBER
International Standard Book Number 0750637285 (pbk.)
040 ## - CATALOGING SOURCE
Original cataloging agency DNLM/DLC
Transcribing agency DLC
Modifying agency DLC
082 ## - DEWEY DECIMAL CLASSIFICATION NUMBER
Classification number WL 342
Item number L26m 1998
100 1# - MAIN ENTRY--PERSONAL NAME
Personal name Lance, James W.
9 (RLIN) 10797
245 10 - TITLE STATEMENT
Title Mechanism and management of headache /
Statement of responsibility, etc. James W. Lance, Peter J. Goadsby.
250 ## - EDITION STATEMENT
Edition statement 6th ed.
260 ## - PUBLICATION, DISTRIBUTION, ETC. (IMPRINT)
Place of publication, distribution, etc. Boston ;
-- Oxford :
Name of publisher, distributor, etc. Butterworth Heinemann,
Date of publication, distribution, etc. 1998.
300 ## - PHYSICAL DESCRIPTION
Extent xviii, 317 p. :
Other physical details ill. ;
Dimensions 24 cm.
504 ## - BIBLIOGRAPHY, ETC. NOTE
Bibliography, etc Includes bibliographical references and index.
650 #0 - SUBJECT ADDED ENTRY--TOPICAL TERM
Topical term or geographic name as entry element Headache.
9 (RLIN) 10798
650 #0 - SUBJECT ADDED ENTRY--TOPICAL TERM
Topical term or geographic name as entry element Migraine.
9 (RLIN) 10799
650 #0 - SUBJECT ADDED ENTRY--TOPICAL TERM
Topical term or geographic name as entry element Tension headache.
9 (RLIN) 10800
650 12 - SUBJECT ADDED ENTRY--TOPICAL TERM
Topical term or geographic name as entry element Headache.
9 (RLIN) 10801
650 22 - SUBJECT ADDED ENTRY--TOPICAL TERM
Topical term or geographic name as entry element Migraine.
9 (RLIN) 10802
700 1# - ADDED ENTRY--PERSONAL NAME
Personal name Goadsby, Peter J.
9 (RLIN) 10803
906 ## - LOCAL DATA ELEMENT F, LDF (RLIN)
a 7
b cbc
c orignew
d 1
e ocip
f 19
g y-gencatlg
942 ## - ADDED ENTRY ELEMENTS (KOHA)
Source of classification or shelving scheme Other/Generic Classification Scheme
Koha item type Open Shelf
Holdings
Withdrawn status Lost status Source of classification or shelving scheme Damaged status Not for loan Home library Current library Date acquired Source of acquisition Inventory number Total Checkouts Full call number Barcode Date last seen Price effective from Koha item type
    Other/Generic Classification Scheme     MUST Main Library MUST Main Library 18/08/2016   2000/13900   WL 342 L26m 1998 2016-3740 18/08/2016 18/08/2016 Open Shelf